000 01100nam a2200229Ia 4500
999 _c53294
_d53294
001 20335
003 GE_BSU
005 20200920150546.0
008 181216s1986||||ge |||||||||||||| ||geo||
040 _cGE_BSU
041 _ageo
080 _a811.353.1(072) ბ-52
100 _aბერიძე, გრ.
_99542
245 _aქართული ენის სწავლება არაქართული (რუსული) სკოლის III-VIII კლასებში :
_b(დამხმ. სახელმძღვ. მასწავლებლებისათვის) /
_cგრ. ბერიძე ; რედ. ე. პოლოლიკაშვილი.
264 _aთბილისი :
_bგანათლება,
_c1986.
300 _a103 გვ. ;
_c20 სმ
541 _h40თ.
653 _aქართული ენა
653 _aქართული ენის სწავლების მეთოდიკა
700 _aპოლოლიკაშვილი, ე.
_eრედაქტორი
_94959
942 _cBK
_2udc